| 000 | 01083cas a22003017ar4500 | ||
|---|---|---|---|
| 005 | 20220329142041.0 | ||
| 008 | 990427d19301972us br pernn 0 1b0eng d | ||
| 010 | _a77632 | ||
| 011 | _a78604 | ||
| 035 | _a88615 | ||
| 245 | 0 | 4 |
_aThe Annals of Mathematical Statistics _c/by the Institute of Mathematical Statistics |
| 260 | 0 |
_aBaltimore, Maryland : _bThe Institute of Mathematical Statistics, _c1930-1972. |
|
| 300 | _av. | ||
| 310 | _aTrimestral | ||
| 362 | _av.43 n.6, 1972 | ||
| 590 |
_aBATCH-UPD _b10 _c20130110 _lUCH01 _h0523 |
||
| 590 |
_aBATCH-UPD _b10 _c20130410 _lUCH01 _h0202 |
||
| 590 |
_aBATCH-UPD _b10 _c20130914 _lUCH01 _h1325 |
||
| 590 |
_aCONVERSION _b10 _c20130109 _lUCH01 _h1343 |
||
| 650 | 1 | 4 |
_aEstadística matemática _xPublicaciones periódicas. _938262 |
| 785 | _tAnnals of Statistics and Annals of Probability | ||
| 866 | _av.1 n.1-v.27 n.1 (1930-1956) | ||
| 866 | _av.27 n.3-v.39 n.5 (1956-1968) | ||
| 866 | _av.40 n.1-v.43 n.6 (1969-1972) | ||
| 901 | _aSE | ||
| 905 | _aMa. del Socorro Iturbe C. | ||
| 999 |
_c77632 _d77632 |
||